000 00381nam a22001697a 4500
999 _c10529
_d10529
003 OSt
008 210224b ||||| |||| 00| 0 eng d
020 _a9789352866533
082 _a005.8 PES
100 _aPFLEEGER,Charles P
245 _aSecurity in Computing
250 _a5th
260 _aNew Delhi
_bPearson
_c2021
300 _a910
650 _aMCA
942 _2ddc
_cBK
_08